| 000 | 00630cab a2200229 4500 | ||
|---|---|---|---|
| 001 | ABS46085 | ||
| 008 | 090401t1992 xxu||||| |||| 00| 0 eng d | ||
| 035 | _a(Sirsi) u56765 | ||
| 041 | _aeng | ||
| 100 | _aStephenson, K. | ||
| 245 | _aCeiling on the housing market | ||
| 260 | _c1992 | ||
| 350 | _a0 | ||
| 490 |
_aSolicitors` Journal _v136(11) 20 March 1992, ii(1) |
||
| 520 | _aProvides a broad overview of the housing market in 1992. | ||
| 650 | _aFORECAST | ||
| 650 | _aHOUSE PRICES | ||
| 650 | _aSLUMP | ||
| 690 | _aPROPERTY-RESIDENTIAL PROPERTY-RESIDENTIAL PROPERTY MARKET | ||
| 942 | _n0 | ||
| 948 | _c04/03/1997 | ||
| 999 |
_c34649 _d34649 |
||